000 03936cgm a2200757Ia 4500
001 ocm53965820
003 OCoLC
005 20251110114232.0
007 vd cvaizq
008 031230p20042003cau109 g vleng d
020 _a0792190998
024 1 _a097360563948
028 4 2 _a056394
_bParamount
035 _a(Sirsi) i9780792190998
037 _bMidwest Tapes
_nhttp://www.midwesttapes.com
040 _aTEFMT
_cTEFMT
_dTEF
_dOCL
_dUINTA
_erda
049 _aUCLB
050 4 _aPN1997.2
_b.S366 2003
082 0 4 _a791.43/72
_222
082 _a791.437
092 _a791.437
245 0 4 _aSchool of Rock
_h[videorecording] /
_cParamount Pictures presents a Scott Rudin production, a Richard Linklater film ; produced by Scott Rudin ; written by Mike White ; directed by Richard Linklater.
250 _aSpecial collector's ed.; full screen version.
260 _aHollywood, Calif. :
_bParamount,
_c[2004], c2003.
264 _aHollywood, Calif. :
_bParamount,
_c[2004], c2003.
300 _a1 videodisc (109 min.) :
_bsd., col. ;
_c4 3/4 in.
440 0 _aFull screen DVD collection
_967659
500 _aOriginally released as a motion picture in 2003.
500 _aSpecial features: commentary by actor Jack Black and director Richard Linklater; commentary by the kids from "School of Rock"; lessons learned in "School of Rock"; Jack Black's pitch to Led Zepplin; "School of Rock" music video; Toronto Film Festival piece; MTV diary: Jack Black; Dewey Finn's history of rock-interactive feature; original theatrical web site archive; theatrical trailer.
508 _aDirector of photography, Rogier Stoffers ; editor, Sandra Adair ; music score, Craig Wedren ; costume designer, Karen Patch ; production designer, Jeremy Conway.
511 1 _aJack Black, Joan Cusack, Mike White Sarah Silverman, Lee Wilkof, Kate McGregor-Stewart, Adam Pascal, Suzzanne Douglas, Joey Gaydos, Jr., Miranda Cosgrove, Kevin Clark, Robert Tsai, Maryam Hassan, Rebecca Brown, Caitlin Hale, Aleisha Allen.
520 _aWhen his band votes him out due to his embarrasing musical antics, Dewey has to make the rent somehow. After intercepting a call for his substitute-teacher roomie Ned, Dewey finds himself in front of a class of elite elementary school students. Dewey decides to take on the music program and makes it his goal to teach them the gospel of rock and roll. His ulterior motive is to get them to compete against his former band for a cash prize.
521 8 _aMPAA rating: PG-13; for some rude humor and drug references.
538 _aDVD, Region 1; Dolby Digital, DTS.
546 _aClosed-captioned.
650 0 _aRock groups
_vDrama.
_95756925
650 0 _aMusic
_xPerformance
_vDrama.
_96460788
650 0 _aSchool children
_vDrama.
_96376694
655 0 _aFeature films.
_96096760
655 0 _aComedy films.
_96140290
655 0 _aVideo recordings for the hearing impaired.
_96096761
700 1 _aRudin, Scott,
_d1958-
_923771
700 1 _aWhite, Mike,
_d1970-
_967993
700 1 _aLinklater, Richard,
_d1960-
_937234
700 1 _aBlack, Jack,
_d1969-
_966764
700 1 _aCusack, Joan,
_d1962-
_937879
700 1 _aSilverman, Sarah.
_96096762
700 1 _aWilkof, Lee.
_962163
700 1 _aMcGregor-Stewart, Kate.
_976525
700 1 _aPascal, Adam.
_963933
700 1 _aDouglass, Suzzanne,
_d1957-
_969729
700 1 _aGaydos, Joey,
_cJr,
_d1991-
_96096763
700 1 _aCosgrove, Miranda.
_95736945
700 1 _aClark, Kevin,
_d1988-
_96096764
700 1 _aTsai, Robert.
_96096765
700 1 _aHassan, Maryam.
_96096766
700 1 _aBrown, Rebecca,
_d1992-
_96096767
700 1 _aHale, Caitlin,
_d1991-
_96096768
700 1 _aStoffers, Rogier.
_969380
700 1 _aAdair, Sandra.
_971953
700 1 _aWedren, Craig.
_967594
700 1 _aPatch, Karen.
_972390
700 1 _aConway, Jeremy.
_96096769
710 2 _aParamount Pictures Corporation.
_97712
942 _cDVD
_2ddc
999 _c7407
_d7407